Normal view
MARC view
- Kraige, L.G
Entry Corporate Name
001 - CONTROL NUMBER
- control field: 91779
003 - CONTROL NUMBER IDENTIFIER
- control field: NUST
005 - DATE AND TIME OF LATEST TRANSACTION
- control field: 20220524100615.0
008 - FIXED-LENGTH DATA ELEMENTS
- fixed length control field: 220524|| aca||aabn | a|a d
040 ## - CATALOGING SOURCE
- Original cataloging agency: NUST
- Transcribing agency: NUST
110 ## - HEADING--CORPORATE NAME
- Corporate name or jurisdiction name as entry element: Kraige, L.G
670 ## - SOURCE DATA FOUND
- Source citation: Work cat.: (NUST): Meriam, J.L. 13089, Engineering Mechanics Dynamics
